000
00297nam a22001337a 4500
008
171127b xxu||||| |||| 00| 0 eng d
020
_a
9780072460889
041
_a
eng
080
_a
94
100
_a
17
101
_a
HIS
245
_a
THE AMERICAN SOUTH A HISTORY
_c
COOPER,W.J
942
_2
udc
_c
BK
999
_c
38543
_d
38543